000 00434nam a2200169Ia 4500
005 20241008055332.0
008 240331s9999 xx 000 0 und d
020 _a041505527X
082 _bTRA
_a820
100 _aTraub, V
245 0 _aDesire and anxiety :
_bcirculations of sexuality in Shakespearean drama
260 _aLondon
_bRoutledge
_c1992
300 _axii, 182 p .,
650 _aGender
650 _aCulture
942 _cL
999 _c3169
_d3169